Tatramat hľadá zahraničného investora

Hospodárenie Tatramatu, a.s. Poprad v r. 2000. Po rokoch straty alebo vyrovnaného hospodárenia, by mal podnik vykázať zisk okolo 10 mil. Sk. Investičné plány spoločnosti. Záujem získať zahraničného investora. Rozhodujúce trhy pre Tatramat. Vývoz výrobkov. Vytvorenie spoločného podniku s americkým Wh...

Full description

Saved in:
Bibliographic Details
Main Author: Velecký, Milan
Format: Book Chapter
Language:Slovak
Subjects:
Tags: Add Tag
No Tags, Be the first to tag this record!

MARC

LEADER 00000naa a2200000 4500
001 r040841
005 20230921111053.9
041 0 |a slo 
044 |a SK 
245 1 0 |a Tatramat hľadá zahraničného investora  |c Milan Velecký 
520 |a Hospodárenie Tatramatu, a.s. Poprad v r. 2000. Po rokoch straty alebo vyrovnaného hospodárenia, by mal podnik vykázať zisk okolo 10 mil. Sk. Investičné plány spoločnosti. Záujem získať zahraničného investora. Rozhodujúce trhy pre Tatramat. Vývoz výrobkov. Vytvorenie spoločného podniku s americkým Whirpoolom. 
610 2 0 |a hospodárenie finančné 
610 2 0 |a hospodárenie podnikové 
610 2 0 |a zisk 
610 2 0 |a tržby 
610 2 0 |a výsledok hospodársky 
610 2 0 |a vývoz 
610 2 0 |a investície 
610 2 0 |a investície zahraničné 
610 2 0 |a Tatramat, a.s. Poprad 
610 2 0 |a 2000 
100 1 |a Velecký, Milan